000 01210nam a2200277 i 4500
001 190418
003 ES-MaACL
005 20250809042457.0
008 210323s2017 sp d s001 0 spa d
020 _a978-84-697-8036-7
080 _a342.7
245 0 3 _aEl derecho humano a la paz y la (in)seguridad humana:
_bcontribuciones atlánticas /
_cCarmelo Faleh Pérez y Carlos Villán Durán (directores).
250 _a1ª ed.
260 _aLuarca, Asturias :
_bAsociación Española para el Derecho Internacional de los Derechos Humanos ;
_a[Oviedo] :
_bVelasco,
_c2017.
300 _a271 p. :
_bgráf. ;
_c24 cm.
504 _aReferencias bibliográficas.
650 0 7 _aDerechos humanos
_2embne
_911770
700 1 _aFaleh Pérez, Carmelo.
_9171089
700 1 _aVillán Durán, Carlos.
_9171090
710 2 _aAsociación Española para el Derecho Internacional de los Derechos Humanos.
_9171091
852 4 _aES-MaACL
_jA-14618
_9 197595
_bR.152158
_cDEPO1
_dOlim: N-7618
_g Dedicatoria autógrafa del autor
_hDonacion: Carlos Villán Durán
903 _9171090
_aVillán Durán, Carlos
_ednr
942 _2udc
_cMONOGRAFIA
999 _c190418
_d190418